[Event "Heusenstamm Schloss op"]
[Site "Heusenstamm"]
[Date "2023.11.24"]
[Round "2"]
[White "Koehlich, Viktor"]
[Black "Bardorz, Jana"]
[Result "0-1"]
[WhiteElo "1608"]
[BlackElo "2050"]
[PlyCount "62"]
[EventDate "2023.11.23"]
[EventType "swiss"]
[EventRounds "7"]
[EventCountry "GER"]
[SourceTitle "CB50_2023"]
[SourceDate "2023.12.13"]
[SourceVersion "1"]
[SourceVersionDate "2023.12.13"]
[SourceQuality "1"]

1. d4 d5 2. Nf3 Nf6 3. c3 e6 4. Bf4 Bd6 5. e3 c5 6. Nbd2 Bxf4 7. exf4 cxd4 8. cxd4 Nc6 9. Nb3 Ne4 10. Bd3 Qf6 11. g3 a5 12. Bxe4 dxe4 13. Ng5 0-0 14. Nxe4 Qg6 15. f3 Rd8 16. a4 b6 17. 0-0 Bb7 18. Rc1 Nb4 19. Qe2 Ba6 20. Qd1 Bxf1 21. Qxf1 Qh5 22. Ng5 h6 23. g4 Qh4 24. Ne4 Rac8 25. Rc3 Nd5 26. Rxc8 Rxc8 27. g5 Rc2 28. Nbd2 Qxf4 29. gxh6 Rxd2 30. h7+ Kh8 31. Nxd2 Qxd2 0-1

[Event "Rhein Main op-B 25th"]
[Site "Bad Homburg"]
[Date "2023.06.08"]
[Round "3"]
[White "Stenger, Eberhard"]
[Black "Koehlich, Viktor"]
[Result "0-1"]
[WhiteElo "1475"]
[BlackElo "1678"]
[PlyCount "128"]
[EventDate "2023.06.07"]
[EventType "swiss"]
[EventRounds "7"]
[EventCountry "GER"]
[SourceTitle "CBM 215 Extra"]
[Source "ChessBase"]
[SourceDate "2023.09.30"]
[SourceVersion "1"]
[SourceVersionDate "2023.09.30"]
[SourceQuality "1"]

1. d4 Nf6 2. c4 e6 3. Nc3 Bb4 4. a3 Bxc3+ 5. bxc3 b6 6. Bg5 h6 7. Bh4 Bb7 8. e3 0-0 9. Nf3 d6 10. Bd3 Nbd7 11. 0-0 Qe8 12. Bc2 Rc8 13. h3 Ne4 14. Qd3 f5 15. Nd2 Qh5 16. Bg3 Nxg3 17. fxg3 Qg5 18. e4 g6 19. h4 Qe7 20. Rae1 Rf6 21. exf5 gxf5 22. Bd1 Qg7 23. Kh2 Rcf8 24. Bf3 Bxf3 25. Qxf3 e5 26. Qd5+ Kh8 27. Rf2 Rg6 28. Nf1 Nf6 29. Qf3 Ng4+ 30. Kg1 Nxf2 31. Kxf2 exd4 32. cxd4 Qxd4+ 33. Qe3 Qxe3+ 34. Rxe3 Rgf6 35. Re7 R6f7 36. Re6 Kg7 37. h5 Rf6 38. Re7+ R8f7 39. Re8 f4 40. g4 Rd7 41. Nd2 Kf7 42. Rh8 Re7 43. Nf3 Kg7 44. Ra8 c5 45. Nh4 Rd7 46. Nf5+ Kf7 47. Kf3 Ke6 48. Kxf4 d5 49. cxd5+ Kxd5 50. g5 hxg5+ 51. Kxg5 Rdf7 52. g4 c4 53. Rd8+ Kc5 54. h6 Rc6 55. Rg8 c3 56. Rg7 Rxg7+ 57. hxg7 c2 58. g8Q c1Q+ 59. Kh5 Qh1+ 60. Nh4 Rh6+ 61. Kxh6 Qxh4+ 62. Kg7 Qxg4+ 63. Kf7 Qxg8+ 64. Kxg8 Kc4 0-1